Preachers and preaching. (Record no. 11544)

000 -LEADER
fixed length control field 00580nam a2200193 a 4500
001 - CONTROL NUMBER
control field :::00009343$&:&@@
003 - CONTROL NUMBER IDENTIFIER
control field OkBaRHE
005 - DATE AND TIME OF LATEST TRANSACTION
control field 20000607103350.0
008 - FIXED-LENGTH DATA ELEMENTS--GENERAL INFORMATION
fixed length control field s1925 j 000 0 eng u
040 ## - CATALOGING SOURCE
Transcribing agency
100 1# - MAIN ENTRY--PERSONAL NAME
Personal name Smith, Arthur H.
245 10 - TITLE STATEMENT
Title Preachers and preaching.
260 ## - PUBLICATION, DISTRIBUTION, ETC. (IMPRINT)
Place of publication, distribution, etc Philadelphia, PA., :
Name of publisher, distributor, etc The United Lutheran Publication House
Date of publication, distribution, etc 1925
300 ## - PHYSICAL DESCRIPTION
Extent 145 p. ;
Dimensions 20 cm.
650 ## - SUBJECT ADDED ENTRY--TOPICAL TERM
Topical term or geographic name as entry element Pastoral Theology
650 ## - SUBJECT ADDED ENTRY--TOPICAL TERM
Topical term or geographic name as entry element Preaching
942 ## - ADDED ENTRY ELEMENTS (KOHA)
Source of classification or shelving scheme
Koha item type Books
Copies
Damaged status Withdrawn status Koha item type Barcode Full call number Copy number Price effective from Not for loan Permanent Location Date acquired Source of classification or shelving scheme Shelving location Date last seen Lost status
  Books9343BV 4211 .S612010-04-14 RHEMA Bible Training College2010-04-14 General Stacks2010-04-14